zpět

Detail výsledku týmu

Srdcovka Ústí, Ústí nad Labem

Datum a čas kvízu

31.5 Celkem bodů Celkový počet nahraných bodů na tomto kvízu bez doplňovacích otázek.
7. Pořadí na kvízu Konečné umístění týmu na tomto kvízu.

Zaznamenané odpovědi

# Otázka Odpověď Body Výsledky
1. Český premiér Petr Fiala se mi... Etiopii 0
2. V úterý se v jisté evropské mo... Španělsko, princezna Leonor 0
3. Jedna kapela ve čtvrtek vydala... The Beatles 0
4. Minulý týden otevřel jistý ame... Popeye's 1
5. Lionel Messi získal poosmé cen... Erling Haaland, Kylian Mbappé 1
-14. O které významné ženě 18. stol... o Marii Antoinettě 1
-13. Přívlastkové víno, k jehož výr... výběr z cibéb 0
-12. Jak se slovem začínajícím na p... enologie 1
-11. Seřaďte státy níže podle množs... 1D 2A 3B 4C 0
-10. Brandy je pálenka vyrobená z h... Cognac 1